MDQL
is popping MORE tags! Check the
thread
!
Quizzes
Events
Quiz Creation
Community
Videos
Private Events
Remove Ads
Sign In
Join for FREE
Feedback
Dark Mode
Quiz Categories
Sports
Geography
Music
Movies
Television
Just For Fun
Miscellaneous
History
Literature
Language
Science
Gaming
Entertainment
Religion
Holiday
For Kids
Quiz Lab
Recent
Popular Today
Quiz Kudos Today
Editor Picks
Curator Picks
Quizzes by...
Day
Popularity
Type
Ratings
Length
Year
Community
Subscriptions
Recent Discussions
Orange Saloon
Badges
Playlists
Quests
Create
Leaderboards
Showdown
Live 5
Trivia Bingo
Activity
Puzzle Library
Sporcle Events
Private Events
Virtual Trivia
Globe League
Become a Host
Pub Owners
SporcleCon
Opinionation
Our Games
Videos
Blog
Mobile Apps
Partnerships
Remove Ads and Go Orange
Feedback
Sports
Athletes
MLB
NBA
NHL
NFL
Soccer
Sports Teams
WWE
NCAA
Football
Premier League
Basketball
Baseball
Hockey
Golf
Tennis
Cricket
Rugby
Auto Racing
Olympics
World Cup
Sports
Athletes
MLB
NBA
NHL
NFL
Soccer
Sports Teams
WWE
NCAA
Football
Premier League
Basketball
Baseball
Hockey
Golf
Tennis
Cricket
Rugby
Auto Racing
Olympics
World Cup
Random Quiz
Search Sporcle
×
Quiz Lab
Quiz Lab
Sports
1990
Type in answers that appear in a list
Type in answers that appear in a list
Classic
Best Score? Go Orange.
Mexican Footballers since 1990 with min. 10 caps Stats
Can you name the Mexican Footballers since 1990 with min. 10 caps
By
carles_puyol
16m
175 Questions
354 Plays
354 Plays
354 Plays
Comments
Comments
Give Quiz Kudos
Give Quiz Kudos
-
- Ratings
hide this ad
Replay
Link that replays current quiz
Next Quiz
Link to next quiz in quiz playlist
You Got
0%
They Got
Avg Score
40%
Avg Friend Score
Upgrade to see
Score Distribution
Jump to the score distribution portion of the page
Score
0/175
Timer
16:00
0
Plays Today
Pos.
Player
% Correct
FW
Javier Hernández
97.5%
FW
Luis Hernández
97.2%
DF
Juan Hernández
96.9%
MF
Elías Hernández
96.9%
DF
Rafael Márquez
91.5%
FW
Rafael Márquez Lugo
91.5%
FW
Giovani dos Santos
90.4%
MF
Jonathan dos Santos
90.1%
FW
Hugo Sánchez
89.8%
GK
Oswaldo Sánchez
89.8%
DF
Joel Sánchez
89.8%
FW
Carlos Ochoa
85.9%
GK
Guillermo Ochoa
85.9%
FW
Cuauhtémoc Blanco
84.2%
MF
Andrés Guardado
82.8%
DF
Jorge Rodríguez
81.6%
DF
Juan Pablo Rodríguez
81.6%
MF
Johan Rodríguez
81.6%
DF
Alberto Rodríguez
81.6%
DF
Francisco Rodríguez
81.6%
FW
Carlos Vela
80.8%
GK
Óscar Pérez
77.1%
MF
Luis Ernesto Pérez
77.1%
DF
Mario Pérez
77.1%
DF
Miguel Herrera
76.6%
MF
Héctor Herrera
76.6%
FW
Raúl Jiménez
75.7%
DF
Israel Jiménez
75.4%
FW
Luis García
73.2%
MF
Rafael García
72.9%
MF
Carlos Salcido
71.5%
GK
Jorge Campos
70.3%
MF
Markus López
66.9%
FW
Jared Borgetti
66.9%
MF
Israel López
66.9%
MF
Jaime Lozano
65.5%
MF
Hirving Lozano
65.5%
MF
Javier Lozano
65.3%
DF
Héctor Moreno
65.3%
GK
Jesús Corona
62.7%
MF
Jesús Manuel Corona
62.7%
MF
Pável Pardo
61%
DF
Diego Martínez
61%
MF
Gerardo Torrado
59.3%
DF
Carlos Salcedo
58.8%
DF
Claudio Suárez
58.2%
MF
Ramón Ramírez
57.9%
DF
Miguel Layún
57.9%
DF
Francisco Ramírez
57.6%
MF
Nicolás Ramírez
57.6%
DF
Ricardo Osorio
56.5%
FW
Guillermo Franco
56.5%
DF
Raúl Gutiérrez
54%
FW
Omar Bravo
52%
DF
Jorge Torres Nilo
51.7%
MF
José Manuel de la Torre
50.8%
DF
Diego Reyes
50.8%
MF
Nery Castillo
50%
FW
Octavio Mora
47.7%
Pos.
Player
% Correct
FW
Emilio Mora
47.7%
MF
Alberto García Aspe
46%
DF
Heriberto Morales
44.9%
MF
Ramón Morales
44.9%
MF
Germán Villa
44.6%
DF
Efraín Juárez
44.4%
FW
Oribe Peralta
43.5%
DF
José Antonio Castro
41.8%
MF
Israel Castro
41.5%
MF
José Juan Vázquez
41.5%
MF
Mario Méndez
39.5%
MF
Pablo Barrera
38.1%
DF
Julio César Domínguez
37%
MF
Marco Fabián
37%
DF
Paúl Aguilar
36.7%
FW
Antonio de Nigris
36.2%
FW
Aldo de Nigris
36.2%
FW
Francisco Palencia
35.9%
FW
Francisco Fonseca
35.9%
FW
Jesús Arellano
35.6%
MF
Javier Aquino
35.6%
MF
Octavio Valdez
34.5%
MF
Sinha
33.9%
DF
Roberto Ruiz Esparza
33.6%
MF
Fernando Arce
33.1%
FW
Carlos Hermosillo
31.6%
MF
Braulio Luna
31.6%
MF
Marcelino Bernal
30.8%
DF
Benjamín Galindo
30.8%
MF
Gerardo Galindo
30.8%
DF
Aarón Galindo
30.8%
GK
Adolfo Ríos
30.5%
MF
Orbelín Pineda
30.5%
GK
Hugo Pineda
30.2%
DF
Dulio Davino
30.2%
MF
Gonzalo Pineda
30.2%
MF
Carlos Muñoz
29.9%
DF
Guillermo Muñoz
29.9%
MF
Víctor Ruiz
29.9%
DF
Salvador Carmona
29.9%
MF
Marco Antonio Ruiz
29.9%
GK
Moisés Muñoz
29.9%
FW
Luis Alves Zague
29.7%
MF
Paulo Chávez
29.4%
MF
Raúl Lara
29.1%
DF
Hugo Ayala
29.1%
MF
Carlos Peña
28.5%
DF
Néstor Araujo
28%
MF
Luis Arturo Montes
27.7%
DF
Camilo Romero
27.4%
FW
Adolfo Bautista
26.8%
FW
Daniel Guzmán
26.6%
MF
Jesús Gallardo
26.6%
DF
Manuel Vidrio
26%
GK
Alfredo Talavera
25.7%
FW
Luis Flores
24.9%
DF
Gerardo Flores
24.9%
FW
Ricardo Peláez
23.7%
MF
Ignacio Ambríz
22.3%
Pos.
Player
% Correct
MF
Joaquín del Olmo
22%
FW
Jesús Mendoza
21.8%
FW
José Manuel Abundis
20.9%
MF
Jesús Molina
20.6%
FW
Javier Orozco
20.6%
DF
Héctor Altamirano
20.3%
MF
Alberto Medina
20.1%
MF
Juan Carlos Medina
19.8%
DF
Óscar Rojas
19.8%
DF
Hugo Sánchez Guerrero
19.5%
DF
Edgar Dueñas
19.5%
MF
Jesús Dueñas
19.5%
MF
Daniel Osorno
19.2%
MF
Missael Espinoza
18.9%
MF
Alberto Coyote
18.9%
MF
Rodolfo Pizarro
18.9%
DF
Adrián Aldrete
18.6%
MF
Miguel Zepeda
18.4%
DF
Fausto Pinto
18.4%
DF
Jonny Magallón
18.1%
DF
Hiram Mier
18.1%
MF
Sigifredo Mercado
17.8%
DF
Francisco Gabriel de Anda
17.5%
FW
Matías Vuoso
16.9%
DF
Severo Meza
16.9%
DF
Sergio Almaguer
16.4%
FW
Luis Miguel Salvador
16.4%
DF
Oswaldo Alanís
16.1%
MF
Javier Güemez
16.1%
DF
Omar Briceño
15.8%
FW
Juan Carlos Cacho
15.8%
DF
Joaquín Beltrán
15%
DF
Melvin Brown
14.7%
MF
Carlos Esquivel
14.1%
MF
Ángel Reyna
14.1%
MF
Jesús Zavala
14.1%
MF
Miguel España
13.6%
DF
Miguel Ponce
13.3%
DF
Juan Carlos Valenzuela
13%
FW
Miguel Sabah
13%
MF
Enrique Alfaro
12.7%
FW
Sergio Santana
12.7%
DF
Ignacio Hierro
12.4%
GK
Héctor Esparza
12.1%
DF
Juan Ramírez Perales
12.1%
FW
David Patiño
11.6%
DF
Isaac Terrazas
11.6%
FW
Jesús Olalde
11.6%
MF
Javier Saavedra
11.3%
MF
Jaime Ordiales
10.7%
DF
David Oteo
10.7%
DF
Joel Huiqui
10.2%
MF
Gonzalo Farfán
9.3%
DF
Octavio Becerril
9.3%
MF
Cesáreo Victorino
9.3%
FW
Francisco Uribe
8.8%
MF
César Vilalluz
3.7%
Quiz Playlist
Details
Report
Send in Message
Add To Playlist
Classic:
Type in answers that appear in a list
Quiz Source
Last Updated: Oct 19, 2017
Quiz Scoreboard
CHALLENGE
Sign Up to Join the Scoreboard
Show All
Scores
Hide
Comments
May contain spoilers
Recently Published
Image Sorting: Flags VI
by Barbecue
Geography
2m
Find the 'City' Movie
by crazypaving
Movies
60s
Colored Red Africa Blitz
by spor1
Geography
45s
More to Explore
Quiz From the Vault
Featured Blog Post
14 Easter Pick-up Lines to Find Eggs With
hide this ad
You Might Also Like...
Tags
1990
1992
cap
club
Footballer
Player
pos
Today's Top Quizzes in Sports
Browse Sports
hide this ad
Today's Top Quizzes in 1990
Browse 1990
Top Contributed Quizzes in Sports
1
Les meilleurs buteurs des matchs entre le PSG et l’OM
2
Les entraîneurs de l'OM et du PSG au 21e siècle
3
2022 World Cup Stars
4
Les joueurs passés par le PSG et l'OM
5
Players with Multiple 50 Home Run Seasons
6
Criteria MLB: Left Handed Sluggers
7
FIFA Club World Cup Champions
8
Les joueurs passés par le LOSC et le RC Lens
9
NBA Logic Puzzle 2.0
10
Top 10 NHL Goal Scorers of All Time
Explore More
Trending Topics
NBA
Anime
Disney
Harry Potter
Crossword
Kpop
Marvel
NFL
Pokémon
Puzzle
Country
WWE
Song
The Office
Soccer
hide this ad
More By:
carles_puyol
Quiz
Plays
Rating
Category
Featured
Created
Juventus XIs: since 1996/97 season
16,952
4.54
Sports
May 13, 2012
FC Barcelona XIs: since 1996/97 season
15,158
4.40
Sports
May 6, 2012
Real Madrid XIs: since 1996/97 season
13,597
4.65
Sports
May 6, 2012
AC Milan XIs: since 1996/97 season
12,721
4.29
Sports
May 8, 2012
Inter Milan XIs: since 1996/97 season
11,884
4.61
Sports
May 10, 2012
Go to Creator's Profile
Score Distribution
Quiz Creator Spotlight
carles_puyol
Follow
Send a Message
Quizzes Created
-
Created Quiz Play Count
-
More By This Creator
Popular Quizzes Today
1
Colored Red Africa Blitz
2
Find the US States - No Outlines Minefield
3
Find the 'City' Movie
4
5x2 Blitz: Bands
5
The Countries of the World
6
Find the US States
7
Find the Countries of Europe - No Outlines Minefield
8
US States
More Sports Quizzes
Top 50 MLB Hall of Fame Probability (Active)
Quiz Lab
Trending Quizzes
Colored Red Europe Blitz I
Colored Red Africa Blitz II
Colored Red Europe Blitz II
Colored Red Africa Blitz III
Colored Red Europe Blitz III
Recently Updated
How Do You Spell That?
pecheneg
Godzilla Movies
pecheneg
Grab Bag: 4-10 Letters
pecheneg
2024 March Madness Bracket
pecheneg
Famous TV Couples
Peacemaker
Champions League XIs: Real Madrid
pecheneg
Largest US Cities 1790-2010
pecheneg
Rides in Walt Disney World
pecheneg
Most Oscar Losses (Acting)
pecheneg
Beyoncé Albums
pecheneg
Trending Topics
Disney
Anime
Harry Potter
Marvel
Crossword
NBA
Kpop
Country
Soccer
NFL
Song
Puzzle
Pokémon
WWE
The Office
Your Account Isn't Verified!
In order to create a playlist on Sporcle, you need to verify the email address you used during registration. Go to your
Sporcle Settings
to finish the process.
Report this User
Report this user for behavior that violates our
Community Guidelines
.
Details:
Send Report
Go to the Sporcle.com Mobile Site →
Comments